MARC

LEADER 00000nam0a2200000 4500
001 302906
005 20231102001542.0
020 |a RU  |b 84-42336 
035 |a (RuTPU)RU\TPU\book\328123 
090 |a 302906 
100 |a 20150827d1981 m y0rusy5003 ca 
101 0 |a rus 
102 |a RU 
105 |a a j 001zy 
200 1 |a Проектирование оснований и фундаментов в сложных грунтовых условиях  |e учебное пособие для вузов  |f О. Е. Приходченко, Ю. В. Дежин  |g Ростовский инженерно-строительный институт 
210 |a Ростов-на-Дону  |c Изд-во РИСИ  |d 1981 
215 |a 77 с.  |c ил. 
320 |a Библиогр.: с. 73-76 
606 1 |a Основания и фундаменты  |x Расчет  |x Проектирование  |2 stltpush  |3 (RuTPU)RU\TPU\subj\68928  |9 83991 
610 1 |a грунтовые условия 
610 1 |a сложные условия 
610 1 |a учебные пособия 
610 1 |a лессовые грунты 
610 1 |a просадочные грунты 
610 1 |a несущая способность 
610 1 |a забивные сваи 
610 1 |a свайные фундаменты 
610 1 |a техническая мелиорация 
675 |a 624.15.04(075.8)  |z rus  |v 3 
700 1 |a Приходченко  |b О. Е.  |g Олег Евгеньевич  |4 070 
701 1 |a Дежин  |b Ю. В.  |g Юрий Вячеславович  |4 070 
712 0 2 |a Ростовский инженерно-строительный институт  |2 stltpush  |3 (RuTPU)RU\TPU\col\10045  |9 24785 
801 0 |a RU  |b RuMRKP  |c 19950704  |g psbo 
801 1 |a RU  |b 63413507  |c 20150827 
801 2 |a RU  |b 63413507  |c 20190705  |g RCR 
942 |c BK